<?xml version="1.0" encoding="UTF-8"?><?xml-stylesheet type="text/xsl" href="static/style.xsl"?><OAI-PMH xmlns="http://www.openarchives.org/OAI/2.0/" xmlns:xsi="http://www.w3.org/2001/XMLSchema-instance" xsi:schemaLocation="http://www.openarchives.org/OAI/2.0/ http://www.openarchives.org/OAI/2.0/OAI-PMH.xsd"><responseDate>2026-06-03T14:39:29Z</responseDate><request verb="GetRecord" identifier="oai:riuma.uma.es:10630/33189" metadataPrefix="marc">https://riuma.uma.es/rest/oai/request</request><GetRecord><record><header><identifier>oai:riuma.uma.es:10630/33189</identifier><datestamp>2026-02-03T11:24:27Z</datestamp><setSpec>com_10630_2254</setSpec><setSpec>col_10630_37953</setSpec></header><metadata><record xmlns="http://www.loc.gov/MARC21/slim" xmlns:dcterms="http://purl.org/dc/terms/" xmlns:doc="http://www.lyncode.com/xoai" xmlns:xsi="http://www.w3.org/2001/XMLSchema-instance" xsi:schemaLocation="http://www.loc.gov/MARC21/slim http://www.loc.gov/standards/marcxml/schema/MARC21slim.xsd">
   <leader>00925njm 22002777a 4500</leader>
   <datafield ind2=" " ind1=" " tag="042">
      <subfield code="a">dc</subfield>
   </datafield>
   <datafield ind2=" " ind1=" " tag="720">
      <subfield code="a">Bejines-López, Carlos</subfield>
      <subfield code="e">author</subfield>
   </datafield>
   <datafield ind2=" " ind1=" " tag="260">
      <subfield code="c">2023</subfield>
   </datafield>
   <datafield ind2=" " ind1=" " tag="520">
      <subfield code="a">This paper contributes to the ongoing investigation of aggregating algebraic structures, with a particular focus on the aggregation of fuzzy vector spaces. The article is structured into three distinct parts, each addressing a specific aspect of the aggregation process. The first part of the paper explores the self-aggregation of fuzzy vector subspaces. It delves into the intricacies of combining and consolidating fuzzy vector subspaces to obtain a coherent and comprehensive outcome. The second part of the paper centers around the aggregation of similar fuzzy vector subspaces, specifically those belonging to the same equivalence class. This section scrutinizes the challenges and considerations involved in aggregating fuzzy vector subspaces with shared characteristics. The third part of the paper takes a broad perspective, providing an analysis of the aggregation problem of fuzzy vector subspaces from a general standpoint. It examines the fundamental issues, principles, and implications associated with aggregating fuzzy vector subspaces in a comprehensive manner. By elucidating these three key aspects, this paper contributes to the advancement of knowledge in the field of aggregation of algebraic structures, shedding light on the specific domain of fuzzy vector spaces.</subfield>
   </datafield>
   <datafield ind1="8" ind2=" " tag="024">
      <subfield code="a">Bejines, C. (2023). Aggregation of fuzzy vector spaces. Kybernetika, 752–767.</subfield>
   </datafield>
   <datafield ind1="8" ind2=" " tag="024">
      <subfield code="a">https://hdl.handle.net/10630/33189</subfield>
   </datafield>
   <datafield ind1="8" ind2=" " tag="024">
      <subfield code="a">10.14736/kyb-2023-5-0752</subfield>
   </datafield>
   <datafield tag="653" ind2=" " ind1=" ">
      <subfield code="a">Conjuntos difusos</subfield>
   </datafield>
   <datafield tag="653" ind2=" " ind1=" ">
      <subfield code="a">Espacios vectoriales</subfield>
   </datafield>
   <datafield tag="653" ind2=" " ind1=" ">
      <subfield code="a">Matemáticas aplicadas</subfield>
   </datafield>
   <datafield ind2="0" ind1="0" tag="245">
      <subfield code="a">Aggregation of fuzzy vector spaces.</subfield>
   </datafield>
</record>
</metadata></record></GetRecord></OAI-PMH>